000 01161cam a2200241 a 4500
999 _c527182
_d527182
020 _a9780135114049 (hbk. : alk. paper)
020 _a0135114047 (hbk. : alk. paper)
082 0 0 _a628.1
_bHAM
100 1 _aHammer, Mark J.,
_d1931-
245 1 0 _aWater and wastewater technology /
_cMark J. Hammer, Mark J. Hammer, Jr.
250 _a7th ed.
260 _aUpper Saddle River, N.J. :
_bPearson/Prentice Hall,
_c2012.
300 _axi, 460 p. :
_bill. ;
_c29 cm.
942 _2ddc
_cBK
504 _aIncludes bibliographical references and index.
650 0 _aWater-supply engineering.
_9391
650 0 _aSewage disposal.
_9392
700 1 _aHammer, Mark J.,
_d1957-
_918316